Statystyki dla Główne role w filmach

Kliknij tutaj aby rozwiązać quiz!

Ogólne statystyki

  • Ten quiz został rozwiązany 1 338 razy
  • Średni wynik to 20 z 63

Statystyki odpowiedzi

HintOdpowiedź% Poprawnych
Zielona MilaTom Hanks
83%
IncepcjaLeonardo DiCaprio
79%
Bękarty wojnyBrad Pitt
75%
Człowiek z bliznąAl Pacino
68%
W pogoni za szczęściemWill Smith
64%
Braveheart - Waleczne SerceMel Gibson
61%
Leon zawodowiecJean Reno
58%
Ojciec ChrzestnyMarlon Brando
57%
Harry Potter i Kamień filozoficznyDaniel Radcliffe
54%
Poszukiwacze zaginionej arkiHarrison Ford
53%
Lot nad kukułczym gniazdemJack Nicholson
52%
Top GunTom Cruise
52%
Sherlock HolmesRobert Downey Jr.
49%
Mroczny RycerzChristian Bale
45%
Krucjata Bourne'aMatt Damon
45%
Czarny ŁabędźNatalie Portman
45%
Szósty zmysłBruce Willis
44%
Łowca jeleniRobert De Niro
43%
Gran TorinoClint Eastwood
41%
Podziemny KrągEdward Norton
41%
Truman ShowJim Carrey
41%
OszukanaAngelina Jolie
39%
Adwokat DiabłaKeanu Reeves
36%
Piękny umysłRussel Crowe
35%
Ocean's Eleven: Ryzykowna graGeorge Clooney
32%
Czerwony smokAnthony Hopkins
31%
DjangoJamie Foxx
31%
BlowJohnny Depp
31%
Uciekająca panna młodaJulia Roberts
31%
Lista SchindleraLiam Neeson
30%
Jestem BogiemBradley Cooper
28%
Jak zostać królemColin Firth
28%
Faceci w czerniTommy Lee Jones
27%
Imię RóżySean Connery
26%
Notting HilHugh Grant
25%
Pan życia i śmierciNicholas Cage
25%
LucyScarlett Johansson
25%
Skazani na ShawshankTim Robbins
24%
Efekt motylaAshton Kutcher
23%
DriveRyan Gosling
23%
Zaginiona dziewczynaBen Affleck
21%
Człowiek w ogniuDenzel Washington
20%
LektorKate Winslet
20%
Rain ManDustin Hoffman
19%
InterstellarMatthew McConaughey
19%
Wróg u bramJude Law
18%
GraMichael Douglas
18%
AzylJodie foster
16%
PodejrzaniKevin Spacey
16%
Przerwana lekcja muzykiWinona Ryder
14%
Duma i uprzedzenieKeira Knightley
12%
Lęk pierwotnyRichard Gere
12%
Big LebowskiJeff Bridges
11%
Prawo ZemstyGerard Butler
10%
Wolny strzelecJake Gyllenhaal
9%
Zakochany SzekspirJoseph Fiennes
9%
PolowanieMads Mikkelsen
9%
Urodzeni mordercyWoody Harrelson
8%
Ludzkie dzieciClive Owen
7%
IluzjaJesse Eisenberg
7%
AntychrystWillem Dafoe
5%
Wielka ucieczkaSteve McQueen
3%
Pachnidło: Historia mordercyBen Whishaw
2%

Rozkład punktacji

Percentyl według liczby udzielonych odpowiedzi

Procent ludzi z każdym wynikiem

Twoja historia wyników

Nie rozwiązałeś tego quizu